The Egypt of the Pharaohs : at the Cairo Museum /
Saved in:
Main Author:
Format: Book
Language:
English
French
Published:
London :
Scala ;
1987.
Subjects:
Tags: Add Tag
No Tags, Be the first to tag this record!
Call Number: DT59 .C243 C6713 1987
| LEADER | 01061namaa2200289 4500 | ||
|---|---|---|---|
| 001 | 13450 | ||
| 003 | OSt | ||
| 005 | 20260510150728.0 | ||
| 008 | 130303s1987 enkabce c 001 0 eng d | ||
| 020 | |a 0935748881 | ||
| 020 | |a 1870248104 | ||
| 040 | |c ARCE Library | ||
| 041 | 1 | |a eng |h fre | |
| 050 | 4 | |a DT59 .C243 C6713 1987 | |
| 100 | 1 | |a Corteggiani, Jean Pierre, |e author |9 28333 | |
| 240 | 1 | 0 | |a Egypte des pharaons au Musée du Caire. |l English |
| 245 | 1 | 4 | |a The Egypt of the Pharaohs : |b at the Cairo Museum / |c Jean-Pierre Corteggiani ; photographs by Jean-François Gout ; preface by Jean Leclant ; translated by Anthony Roberts. |
| 264 | 1 | |a London : |b Scala ; |c 1987. | |
| 300 | |a 191 pages : |b illustrations (some color), 1 map, plans, ports. ; |c 29 cm. | ||
| 500 | |a Includes index. | ||
| 500 | |a Translation of : L'Egypte des pharaons au Musée du Caire. | ||
| 610 | 2 | 0 | |a Matḥaf al-Miṣrī |x Catalogs. |
| 650 | 0 | |a Art, Egyptian |v Exhibitions. | |
| 651 | 0 | |a Egypt |x Antiquities |x Catalogs. | |
| 901 | |a reviewed | ||
| 942 | |c BK |2 lcc | ||
| 999 | |c 13339 |d 13339 | ||
